Курс общей физики для природопользователей. Механика: учебное пособие

Bibliographische Detailangaben
1. Verfasser: Бармасов А. В. Александр Викторович
Weitere Verfasser: Холмогоров В. Е. Владимир Евгеньевич (редактор), Чирцов А. С. Александр Сергеевич
Zusammenfassung:Книга является первой из серии книг полного курса общей физики для природопользователеи и представляет собой расширенный адаптированный лекционный курс. Важной особенностью книги является сочетание фундаментальности и профилизации в рамках ограниченного числа лекционных часов. Профилизация курса заключается в выборе приоритетов и в иллюстрациях применения физики в геологии, биологии, почвоведении и экологии, что создает основу для изучения спецкурсов. В книге изложены основные разделы механики: системы единиц, кинематика, динамика материальной точки, основы небесной механики, теории тяготения, теории упругости, гравиметрия, трение, элементы гидродинамики, неинерциальные системы отсчета, работа, энергия, законы сохранения, основы механики твердого тела и релятивистской механики. Приводятся вопросы для самопроверки.
Sprache:Russisch
Veröffentlicht: СПб., БХВ-Петербург, 2008
Schlagworte:
Format: Buch
KOHA link:https://koha.lib.tpu.ru/cgi-bin/koha/opac-detail.pl?biblionumber=145661

MARC

LEADER 00000nam0a2200000 4500
001 145661
005 20231101221154.0
010 |a 9785941577293 
035 |a (RuTPU)RU\TPU\book\157894 
090 |a 145661 
100 |a 20081021d2008 m y0rusy50 ca 
101 0 |a rus 
102 |a RU 
105 |a a j 001zy 
200 1 |a Курс общей физики для природопользователей. Механика  |e учебное пособие  |f А. В. Бармасов, В. Е. Холмогоров  |g под ред. А. С. Чирцова 
210 |a СПб.  |c БХВ-Петербург  |d 2008 
215 |a 411 с.  |c ил. 
320 |a Библиогр.: с. 387-403. 
320 |a Предметный указатель: с. 405-411. 
330 |a Книга является первой из серии книг полного курса общей физики для природопользователеи и представляет собой расширенный адаптированный лекционный курс. Важной особенностью книги является сочетание фундаментальности и профилизации в рамках ограниченного числа лекционных часов. Профилизация курса заключается в выборе приоритетов и в иллюстрациях применения физики в геологии, биологии, почвоведении и экологии, что создает основу для изучения спецкурсов. В книге изложены основные разделы механики: системы единиц, кинематика, динамика материальной точки, основы небесной механики, теории тяготения, теории упругости, гравиметрия, трение, элементы гидродинамики, неинерциальные системы отсчета, работа, энергия, законы сохранения, основы механики твердого тела и релятивистской механики. Приводятся вопросы для самопроверки. 
606 1 |a Физика  |2 stltpush  |3 (RuTPU)RU\TPU\subj\63709  |9 80688 
606 1 |a Механика  |2 stltpush  |3 (RuTPU)RU\TPU\subj\67812  |9 83462 
610 1 |a учебные пособия 
610 1 |a единицы измерения 
610 1 |a кинематика 
610 1 |a материальная точка 
610 1 |a динамика 
610 1 |a небесная механика 
610 1 |a тяготение 
610 1 |a Земля 
610 1 |a гравитационное поле 
610 1 |a гравиметрия 
610 1 |a упругость 
610 1 |a трение 
610 1 |a гидродинамика 
610 1 |a неинерциальные системы отсчета 
610 1 |a работа 
610 1 |a мощность 
610 1 |a энергия 
610 1 |a законы сохранения энергии 
610 1 |a законы превращения энергии 
610 1 |a твердые тела 
610 1 |a релятивистская механика 
610 1 |a геология 
610 1 |a биология 
610 1 |a почвоведение 
610 1 |a экология 
675 |a 53(075.8)  |v 3 
675 |a 531(075.8)  |v 3 
700 1 |a Бармасов  |b А. В.  |g Александр Викторович 
701 1 |a Холмогоров  |b В. Е.  |g Владимир Евгеньевич 
702 1 |a Чирцов  |b А. С.  |g Александр Сергеевич  |4 340 
801 1 |a RU  |b 63413507  |c 20081021  |g PSBO 
801 2 |a RU  |b 63413507  |c 20090403  |g PSBO 
900 |a Общая физика 
900 |a Физика 
900 |a Механика 
942 |c BK 
951 |a 510000  |a 550000  |b 020802 
959 |a 91/20081015  |d 1  |e 199,00  |f ЧЗТЛ:1